书目信息 |
| 题名: |
生存数据统计分析
|
|
| 作者: | 王启华 著 | |
| 分册: | ||
| 出版信息: | 北京 科学出版社 2006.01 |
|
| 页数: | 275页 | |
| 开本: | 25cm | |
| 丛书名: | 现代数学基础丛书98 | |
| 单 册: | ||
| 中图分类: | R195.3 | |
| 科图分类: | ||
| 主题词: | 医药卫生组织机构 , 医疗保健事业 | |
| 电子资源: | ||
| ISBN: | 7-03-016454-7 | |
| 000 | 00682nam0 2200253 45 | |
| 001 | 010455954362 | |
| 005 | 20070902090450.49 | |
| 010 | @a7-03-016454-7@dCNY45.00 | |
| 100 | @a20070620d 2 ekmy0 y0120 ea | |
| 102 | @aCN@b130000 | |
| 102 | @aCN@b110000 | |
| 105 | @ay z 000yy | |
| 200 | 1 | @a生存数据统计分析@f王启华著@Fwang qi hua zhu |
| 210 | @a北京@c科学出版社@d2006.01 | |
| 215 | @a275页@d25cm | |
| 225 | 2 | @a现代数学基础丛书98 |
| 410 | 0 | @12001 @a现代数学基础丛书98 |
| 606 | 0 | @a医药卫生组织机构 |
| 606 | 0 | @a医疗保健事业 |
| 690 | @aR195.3@v4 | |
| 701 | 0 | @a王启华@Awang qi hua@4著 |
| 801 | 0 | @aCN@c20070902 |
| 905 | @dR195.3@eW310 | |
| 906 | @dCNY45.00@n2@r1 | |
| 生存数据统计分析/王启华著.-北京:科学出版社,2006.01 |
| 275页;25cm.-(现代数学基础丛书98) |
| ISBN 7-03-016454-7:CNY45.00 |
| ● |
| 相关链接 |
|
|
|
正题名:生存数据统计分析
索取号:R195.3/W310
 
预约/预借
| 序号 | 登录号 | 条形码 | 馆藏地/架位号 | 状态 | 备注 |
| 1 | 644519 | 206445195 | 自科库401/401自科库 8排3列1层/ [索取号:R195.3/W310] | 在馆 | |
| 2 | 644520 | 206445202 | 自科库401/401自科库 8排3列1层/ [索取号:R195.3/W310] | 在馆 |